Verejná správa a regionálny rozvoj ekonómia a manažment

Salvato in:
Dettagli Bibliografici
Natura: Periodico
Lingua:slovacco
Pubblicazione: Bratislava Vysoká škola ekonómie a manažmentu verejnej správy v Bratislave 2019
Soggetti:
Tags: Aggiungi Tag
Nessun Tag, puoi essere il primo ad aggiungerne!!

MARC

LEADER 00000nas2a2200000 4500
001 0298529
005 20240119133350.4
022 |a 1337-2955 
041 0 |a slo 
044 |a SK 
245 1 0 |a Verejná správa a regionálny rozvoj  |b ekonómia a manažment 
264 1 |a Bratislava  |b Vysoká škola ekonómie a manažmentu verejnej správy v Bratislave  |c 2019 
500 |a č. 2 online 
773 0 |w eu_un_cat*0055508 
610 2 0 |a správa verejná 
610 2 0 |a rozvoj regionálny 
610 2 0 |a manažment 
610 2 0 |a ekonómia